Welcome 2 Houston : (Record no. 8912)
[ view plain ]
| 000 -LEADER | |
|---|---|
| fixed length control field | 04377cam a2200757 i 4500 |
| 001 - CONTROL NUMBER | |
| control field | on1348179066 |
| 005 - DATE AND TIME OF LATEST TRANSACTION | |
| control field | 20241121073146.0 |
| 006 - FIXED-LENGTH DATA ELEMENTS--ADDITIONAL MATERIAL CHARACTERISTICS--GENERAL INFORMATION | |
| fixed length control field | m d |
| 007 - PHYSICAL DESCRIPTION FIXED FIELD--GENERAL INFORMATION | |
| fixed length control field | cr cnu---unuuu |
| 008 - FIXED-LENGTH DATA ELEMENTS--GENERAL INFORMATION | |
| fixed length control field | 221014s2023 iluab ob 001 0 eng |
| 010 ## - LIBRARY OF CONGRESS CONTROL NUMBER | |
| LC control number | 2022049649 |
| 040 ## - CATALOGING SOURCE | |
| Original cataloging agency | DLC |
| Language of cataloging | eng |
| Description conventions | rda |
| Transcribing agency | DLC |
| Modifying agency | OCLCF |
| -- | YDX |
| -- | P@U |
| -- | YDX |
| -- | JSTOR |
| -- | OCLCQ |
| -- | OCLCO |
| -- | UKAHL |
| -- | N$T |
| 020 ## - INTERNATIONAL STANDARD BOOK NUMBER | |
| International Standard Book Number | 0252054520 |
| Qualifying information | electronic book |
| 020 ## - INTERNATIONAL STANDARD BOOK NUMBER | |
| International Standard Book Number | 9780252054525 |
| Qualifying information | (electronic bk.) |
| 020 ## - INTERNATIONAL STANDARD BOOK NUMBER | |
| Cancelled/invalid ISBN | 9780252045158 |
| Qualifying information | hardcover |
| 020 ## - INTERNATIONAL STANDARD BOOK NUMBER | |
| Cancelled/invalid ISBN | 9780252087295 |
| Qualifying information | paperback |
| 029 1# - (OCLC) | |
| OCLC library identifier | AU@ |
| System control number | 000072858169 |
| 035 ## - SYSTEM CONTROL NUMBER | |
| System control number | 3600701 |
| -- | (N$T) |
| 037 ## - SOURCE OF ACQUISITION | |
| Stock number | 22573/cats5070500 |
| Source of stock number/acquisition | JSTOR |
| 042 ## - AUTHENTICATION CODE | |
| Authentication code | pcc |
| 043 ## - GEOGRAPHIC AREA CODE | |
| Geographic area code | n-us-tx |
| 050 04 - LIBRARY OF CONGRESS CALL NUMBER | |
| Classification number | ML3531 |
| Item number | .W548 2023 |
| 072 #7 - SUBJECT CATEGORY CODE | |
| Subject category code | MUS |
| Subject category code subdivision | 000000 |
| Source | bisacsh |
| 072 #7 - SUBJECT CATEGORY CODE | |
| Subject category code | MUS |
| Subject category code subdivision | 031000 |
| Source | bisacsh |
| 072 #7 - SUBJECT CATEGORY CODE | |
| Subject category code | SOC |
| Subject category code subdivision | 001000 |
| Source | bisacsh |
| 072 #7 - SUBJECT CATEGORY CODE | |
| Subject category code | MUS |
| Subject category code subdivision | 020000 |
| Source | bisacsh |
| 082 00 - DEWEY DECIMAL CLASSIFICATION NUMBER | |
| Classification number | 782.42164909764/1411 |
| Edition number | 23/eng/20221014 |
| 100 1# - MAIN ENTRY--PERSONAL NAME | |
| Personal name | Wilkins, Langston Collin, |
| Relator term | author. |
| 9 (RLIN) | 24076 |
| 245 10 - TITLE STATEMENT | |
| Title | Welcome 2 Houston : |
| Remainder of title | hip hop heritage in Hustle Town / |
| Statement of responsibility, etc | Langston Collin Wilkins. |
| 246 3# - VARYING FORM OF TITLE | |
| Title proper/short title | Welcome to Houston |
| 246 30 - VARYING FORM OF TITLE | |
| Title proper/short title | Hip hop heritage in Hustle Town |
| 264 #1 - | |
| -- | Urbana : |
| -- | University of Illinois Press, |
| -- | [2023] |
| 300 ## - PHYSICAL DESCRIPTION | |
| Extent | 1 online resource (viii, 180 pages) : |
| Other physical details | illustrations, map. |
| 336 ## - | |
| -- | text |
| -- | txt |
| -- | rdacontent |
| 337 ## - | |
| -- | computer |
| -- | c |
| -- | rdamedia |
| 338 ## - | |
| -- | online resource |
| -- | cr |
| -- | rdacarrier |
| 490 1# - SERIES STATEMENT | |
| Series statement | African American music in global perspective |
| 504 ## - BIBLIOGRAPHY, ETC. NOTE | |
| Bibliography, etc | Includes bibliographical references and index. |
| 505 0# - FORMATTED CONTENTS NOTE | |
| Formatted contents note | If You Go Down to Houston -- Everybody Inherits the Hood -- Still Tippin' -- Gotta Come Down, Gotta Rep the Hood -- Turnin' Headz -- One City under God. |
| 520 ## - SUMMARY, ETC. | |
| Summary, etc | "Langston Collin Wilkins returns to the city where he grew up to illuminate the complex relationship between place, identity, and music in Houston's hip hop culture. Interviews with local rap artists, producers, and managers inform an ethnography that explores how the interaction between artists, audiences, music, and place create a heritage that musicians negotiate in a variety of ways. Street-based musicians, avant-garde underground rappers, and Christian hip hop artists offer candid views of the scene while Wilkins delves into related aspects like slab, the area's hip hop-related car culture. What emerges is an incisive portrait of dynamic reciprocal process where an artist, having identified with and embodied a social space, reproduces that space in a performance even as the performance reconstructs the social space. A vivid journey through a southern hip hop bastion, Welcome 2 Houston offers an insider's look at a unique musical culture"-- |
| -- | Provided by publisher. |
| 588 ## - | |
| -- | Description based on online resource; title from digital title page (viewed on July 28, 2023). |
| 650 #0 - SUBJECT ADDED ENTRY--TOPICAL TERM | |
| Topical term or geographic name as entry element | Rap (Music) |
| Geographic subdivision | Texas |
| -- | Houston |
| General subdivision | History and criticism. |
| 9 (RLIN) | 24077 |
| 650 #0 - SUBJECT ADDED ENTRY--TOPICAL TERM | |
| Topical term or geographic name as entry element | Hip-hop |
| Geographic subdivision | Texas |
| -- | Houston |
| General subdivision | History. |
| 9 (RLIN) | 24078 |
| 650 #0 - SUBJECT ADDED ENTRY--TOPICAL TERM | |
| Topical term or geographic name as entry element | African Americans |
| Geographic subdivision | Texas |
| -- | Houston |
| General subdivision | Social life and customs. |
| 9 (RLIN) | 24079 |
| 650 #0 - SUBJECT ADDED ENTRY--TOPICAL TERM | |
| Topical term or geographic name as entry element | Automobiles |
| General subdivision | Customizing |
| Geographic subdivision | Texas |
| -- | Houston. |
| 9 (RLIN) | 24080 |
| 650 #0 - SUBJECT ADDED ENTRY--TOPICAL TERM | |
| Topical term or geographic name as entry element | Chopped and screwed (Music) |
| General subdivision | History and criticism. |
| 9 (RLIN) | 24081 |
| 650 #6 - SUBJECT ADDED ENTRY--TOPICAL TERM | |
| Topical term or geographic name as entry element | Hip-hop |
| Geographic subdivision | Texas |
| -- | Houston |
| General subdivision | Histoire. |
| 9 (RLIN) | 24082 |
| 650 #6 - SUBJECT ADDED ENTRY--TOPICAL TERM | |
| Topical term or geographic name as entry element | Noirs am�ericains |
| Geographic subdivision | Texas |
| -- | Houston |
| General subdivision | M�urs et coutumes. |
| 9 (RLIN) | 24083 |
| 650 #6 - SUBJECT ADDED ENTRY--TOPICAL TERM | |
| Topical term or geographic name as entry element | Automobiles |
| General subdivision | Adaptation aux besoins |
| Geographic subdivision | Texas |
| -- | Houston. |
| 9 (RLIN) | 24084 |
| 650 #7 - SUBJECT ADDED ENTRY--TOPICAL TERM | |
| Topical term or geographic name as entry element | MUSIC / General |
| Source of heading or term | bisacsh |
| 9 (RLIN) | 24085 |
| 650 #7 - SUBJECT ADDED ENTRY--TOPICAL TERM | |
| Topical term or geographic name as entry element | African Americans |
| General subdivision | Social life and customs |
| Source of heading or term | fast |
| 9 (RLIN) | 24086 |
| 650 #7 - SUBJECT ADDED ENTRY--TOPICAL TERM | |
| Topical term or geographic name as entry element | Automobiles |
| General subdivision | Customizing |
| Source of heading or term | fast |
| 9 (RLIN) | 24087 |
| 650 #7 - SUBJECT ADDED ENTRY--TOPICAL TERM | |
| Topical term or geographic name as entry element | Chopped and screwed (Music) |
| Source of heading or term | fast |
| 9 (RLIN) | 24088 |
| 650 #7 - SUBJECT ADDED ENTRY--TOPICAL TERM | |
| Topical term or geographic name as entry element | Hip-hop |
| Source of heading or term | fast |
| 9 (RLIN) | 24089 |
| 650 #7 - SUBJECT ADDED ENTRY--TOPICAL TERM | |
| Topical term or geographic name as entry element | Rap (Music) |
| Source of heading or term | fast |
| 9 (RLIN) | 10290 |
| 651 #7 - SUBJECT ADDED ENTRY--GEOGRAPHIC NAME | |
| Geographic name | Texas |
| Geographic subdivision | Houston |
| Source of heading or term | fast |
| 9 (RLIN) | 24090 |
| 655 #7 - INDEX TERM--GENRE/FORM | |
| Genre/form data or focus term | Criticism, interpretation, etc. |
| Source of term | fast |
| 9 (RLIN) | 5662 |
| 655 #7 - INDEX TERM--GENRE/FORM | |
| Genre/form data or focus term | History |
| Source of term | fast |
| 9 (RLIN) | 3689 |
| 776 08 - ADDITIONAL PHYSICAL FORM ENTRY | |
| Display text | Print version: |
| Main entry heading | Wilkins, Langston Collin. |
| Title | Welcome 2 Houston |
| Place, publisher, and date of publication | Urbana : University of Illinois Press, 2023 |
| International Standard Book Number | 9780252045158 |
| Record control number | (DLC) 2022049648 |
| 830 #0 - SERIES ADDED ENTRY--UNIFORM TITLE | |
| Uniform title | African American music in global perspective. |
| 9 (RLIN) | 24091 |
| 856 40 - ELECTRONIC LOCATION AND ACCESS | |
| Materials specified | EBSCOhost |
| Uniform Resource Identifier | <a href="https://search.ebscohost.com/login.aspx?direct=true&scope=site&db=nlebk&db=nlabk&AN=3600701">https://search.ebscohost.com/login.aspx?direct=true&scope=site&db=nlebk&db=nlabk&AN=3600701</a> |
| 938 ## - | |
| -- | Askews and Holts Library Services |
| -- | ASKH |
| -- | AH41602661 |
| 938 ## - | |
| -- | Project MUSE |
| -- | MUSE |
| -- | musev2_111981 |
| 938 ## - | |
| -- | YBP Library Services |
| -- | YANK |
| -- | 20383570 |
| 938 ## - | |
| -- | EBSCOhost |
| -- | EBSC |
| -- | 3600701 |
No items available.
